| 000 | 01190pam a2200349 a 4500 | ||
|---|---|---|---|
| 001 | 5978 | ||
| 003 | FISKH | ||
| 005 | 20250218091837.0 | ||
| 008 | 970204s1997 mnua c 000 1 eng | ||
| 010 | _a 97004649 | ||
| 020 | _a1556617178 (pbk.) | ||
| 020 | _a9781556617171 | ||
| 040 |
_aDLC _cDLC _dDLC _beng |
||
| 050 | _aPZ7.R2727 P | ||
| 082 | _a314 | ||
| 100 | 1 |
_aReid, Mary _d(1807-1877) |
|
| 245 | 1 | 0 |
_aPhantom gardener / _cby Mary Carpenter Reid. |
| 250 | _aThis edition first published in 1997 | ||
| 260 |
_aMinneapolis : _bBethany, _c1997. |
||
| 300 |
_a80 pages : _billustrations ; _c19 cm. |
||
| 490 | 1 |
_aA Backpack mystery ; _v3 |
|
| 505 | _aL | ||
| 520 | _aSteff and her younger sister Paulie are staying at a retirement community with their grandmother, an avid gardener, when they hear stories about a phantom gardener who works at night and a thief who is stealing plants. | ||
| 521 | 8 |
_a510
_bLexile |
|
| 521 | 8 |
_aL
_bRaz-Plus |
|
| 650 | 1 |
_aGardening _xFiction. |
|
| 650 | 1 |
_aGrandmothers _xFiction. |
|
| 800 | 1 |
_aReid, Mary. _tBackpack mystery ; _v3. |
|
| 906 |
_a7 _bcbc _corignew _d1 _eocip _f19 _gy-gencatlg |
||
| 942 |
_2ddc _cBK _n0 |
||
| 999 |
_c5978 _d5978 |
||